Statistics for Largest Cities in the World in 1850 (with a map)

Click here to take the quiz!

General Stats

  • This quiz has been taken 835 times
  • The average score is 16 of 20

Answers on the Map

Answers color-coded by a green-red scale on the quiz's map according to % correct below.
 

Answer Stats

PopulationCity% Correct
682,000New York
99%
2.3 milLondon
98%
1.3 milParis
98%
373,000Moscow
97%
446,000Berlin
96%
785,000Constantinople
95%
567,000Edo
95%
575,000Bombay
92%
1.6 milPeking
91%
426,000Vienna
91%
412,000Manchester
90%
416,000Naples
88%
346,000Glasgow
85%
422,000Liverpool
84%
502,000St. Petersburg
84%
426,000Philadelphia
82%
413,000Calcutta
65%
700,000Hangzhou
35%
800,000Canton
34%
550 000Suzhou
14%

Score Distribution

Percentile by Number Answered

Percent of People with Each Score

Your Score History

You have not taken this quiz